000 02201nam0a2200349 4500
001 RU\NLR\BIBL_A\011457816
005 20250626071556.0
020 _aRU
_b7115
_9Сводный каталог листовок первых лет Советской власти (25 октября (7 ноября) 1917 - 1925) Т.4 (Ч.1). Листовки советских, партийных, профсоюзных, комсомольских и других организаций губерний РСФСР
035 _a(NLR Aleph) 011457816
090 _a11786579
_c11786579
100 _a20170818j19200911|||y0rusy50 ca
101 0 _arus
102 _aRU
105 _ay z 000zy
200 1 _aВсем волисполкомам, сельсоветам, кооперативам, учраскомам и проч. подотчетным Упродкому учреждениям. В. срочно. Циркулярно, 11 авг. 1920 г. № 355. г. Муром
_e[о возврате тары
_eлистовка]
210 _a[Муром]
_cтип. № 10
_d1920, сент. 11
215 _a1 с.
_d17х14
300 _aВ надзаг.: РСФСР. Муромский уезд. прод. ком. Упр. отд. "Заготосель"
300 _aПодписи: за комиссара Упродкома Храменко; завед. Отдел. заготосель С. Грачев
517 1 _aО возврате тары
607 _aРСФСР
_jЛистовки
_xПолитика и управление
_y1917 - 1925
_92312782
_3RU\NLR\auth\6601609564
686 0 _aТ3(2)71-313,011
686 1 _aТ3(2Р-4Вл)712-2,011
702 1 _4720
_aХраменко
_cуезд. продовольств. комиссар
_9180454
_3RU\NLR\AUTH\770180505
702 1 _4720
_aГрачев
_bС.
_cзав. отделом уезд. продовольств. комитета
_9180456
_3RU\NLR\AUTH\770180507
711 0 2 _aМуромский уездный продовольственный комитет
_9572514
_3RU\NLR\AUTH\880454549
852 0 0 _aNLR
_bФЛ
_j18/12
942 _cBOOK
980 _aNB